00401nam a2200133Ia 45000010005000000080041000050820019000461000065000652450064001302600024001945900007002189010027002259990015002521240241024s9999 xx 000 0 und d aRD/612.6/R426p aRepública Dominicana.Secretaría de Estado de Educación 0aPrograma de Educación efectivo sexual centrado en valores bSanto Domingoc2007 asi a24/2/2011 1:50:17 p.m. c8091d8091